01446 2200289 4500001002100000005001500021035002000036007000300056008004100059020002200100082001400122084002000136100003800156245007200194250001100266300004000277650002000317650001000337700002100347700002500368336002100393337003000414338002300444264003300467520063900500990001701139INLIS00000000150483920260630084034 a0010-0626000034ta260630 g f ind  a978-602-420-712-0 a899.221 3 a899.221 3 RAF b0 aRafid Nadhif RizqullahePengarang1 aBad games /cRafid Nadhif Rizqullah ; penyunting, Diha dan Maysarah aCet. 1 a144 halaman. :bilustrasi ;c20 cm. 4afiksi Indonesia 4anovel0 aDihaePenyunting0 aMaysarahePenyunting 2rdacontentateks 2rdamediaatanpa perantara 2rdacarrieravolume aBandung :bDAR! Mizan,c2018 aBuku ini menceritakan seorang anak perempuan yang introvert bernama Ar. Ia membenci keramaian dan mencintai pada kesepian. Dia menutup diri dari dunia luar, sedikit beraktivitas tapi setiap detiknya diisi dengan berpikir. Bermain dengan pikiran. Suatu hari, saat orang tuanya pergi ke Jepang untuk mengatasi sepinya, dia pun membuka buku yang berjudul ritual. Dalam buku tersebut ada game semacam ritual pemanggilan hantu yang wajahnya mirip dengan pemain game ritual tersebut. Karena hanya ingin hiburan, tanpa mempercayai hal tersebut, Ar pun memainkan game tersebut sendiri. Itulah awal mula cerita Ar yang berbeda beda dimulai! a2024/HD/0491